<?xml version="1.0" encoding="UTF-8"?>
<record
    xmlns:xsi="http://www.w3.org/2001/XMLSchema-instance"
    xsi:schemaLocation="http://www.loc.gov/MARC21/slim http://www.loc.gov/standards/marcxml/schema/MARC21slim.xsd"
    xmlns="http://www.loc.gov/MARC21/slim">

  <leader>01030na  a2200313   4500</leader>
  <controlfield tag="001">14938</controlfield>
  <controlfield tag="003">MIRAKIL</controlfield>
  <controlfield tag="005">20181213155215.0</controlfield>
  <controlfield tag="008">160930b        tu            000 0      </controlfield>
  <datafield tag="035" ind1=" " ind2=" ">
    <subfield code="a">14938</subfield>
  </datafield>
  <datafield tag="040" ind1=" " ind2=" ">
    <subfield code="a">Milas</subfield>
    <subfield code="b">tur</subfield>
    <subfield code="c">TR-AnCHP</subfield>
  </datafield>
  <datafield tag="041" ind1=" " ind2=" ">
    <subfield code="a">tur</subfield>
  </datafield>
  <datafield tag="082" ind1=" " ind2=" ">
    <subfield code="a">CHP 324.2172 2008</subfield>
    <subfield code="b">B27 2009</subfield>
  </datafield>
  <datafield tag="090" ind1=" " ind2=" ">
    <subfield code="a">CHP 324.2172 2008 B27 2009</subfield>
  </datafield>
  <datafield tag="245" ind1=" " ind2=" ">
    <subfield code="a">Bas&#x131;nda CHP k&#xF6;&#x15F;e yaz&#x131;lar&#x131; (1999-2009) (18 cilt)</subfield>
    <subfield code="b">2008</subfield>
    <subfield code="c">derleyen &#x15E;ahin Aybek</subfield>
  </datafield>
  <datafield tag="246" ind1=" " ind2=" ">
    <subfield code="a">Bas&#x131;nda CHP</subfield>
  </datafield>
  <datafield tag="246" ind1=" " ind2=" ">
    <subfield code="a">CHP k&#xF6;&#x15F;e yaz&#x131;lar&#x131; </subfield>
  </datafield>
  <datafield tag="260" ind1=" " ind2=" ">
    <subfield code="a">Ankara</subfield>
    <subfield code="b">Maya Akademi</subfield>
    <subfield code="c">2009</subfield>
  </datafield>
  <datafield tag="300" ind1=" " ind2=" ">
    <subfield code="a">2 c.</subfield>
    <subfield code="b">res.</subfield>
    <subfield code="c">29 sm.</subfield>
  </datafield>
  <datafield tag="500" ind1=" " ind2=" ">
    <subfield code="a">2008 y&#x131;l&#x131;nda CHP'ye ili&#x15F;kin &#xE7;&#x131;km&#x131;&#x15F; t&#xFC;m k&#xF6;&#x15F;e yaz&#x131;lar&#x131; i&#xE7;erir.</subfield>
  </datafield>
  <datafield tag="610" ind1=" " ind2=" ">
    <subfield code="x">Kamuoyu</subfield>
    <subfield code="y">K&#xF6;&#x15F;e yaz&#x131;lar&#x131;</subfield>
  </datafield>
  <datafield tag="610" ind1=" " ind2=" ">
    <subfield code="a">CHP</subfield>
    <subfield code="x">Tarih</subfield>
    <subfield code="y">Bas&#x131;n</subfield>
  </datafield>
  <datafield tag="610" ind1=" " ind2=" ">
    <subfield code="a">CHP</subfield>
    <subfield code="x">Siyaset ve y&#xF6;netim</subfield>
    <subfield code="y">K&#xF6;&#x15F;e yaz&#x131;lar&#x131;</subfield>
  </datafield>
  <datafield tag="610" ind1=" " ind2=" ">
    <subfield code="a">CHP</subfield>
    <subfield code="x">Bas&#x131;n</subfield>
    <subfield code="y">1999-2009</subfield>
  </datafield>
  <datafield tag="650" ind1=" " ind2=" ">
    <subfield code="a">Bas&#x131;n ve siyaset</subfield>
    <subfield code="z">T&#xFC;rkiye</subfield>
  </datafield>
  <datafield tag="650" ind1=" " ind2=" ">
    <subfield code="a">Siyasal partiler</subfield>
    <subfield code="d">1999-2009</subfield>
    <subfield code="x">Bas&#x131;n</subfield>
    <subfield code="y">K&#xF6;&#x15F;e yaz&#x131;lar&#x131;</subfield>
    <subfield code="z">T&#xFC;rkiye</subfield>
  </datafield>
  <datafield tag="700" ind1=" " ind2=" ">
    <subfield code="a">Aybek, &#x15E;ahin</subfield>
  </datafield>
  <datafield tag="942" ind1=" " ind2=" ">
    <subfield code="2">dcc</subfield>
    <subfield code="c">BKS</subfield>
  </datafield>
  <datafield tag="952" ind1=" " ind2=" ">
    <subfield code="a">0001</subfield>
    <subfield code="b">0001</subfield>
    <subfield code="d">2016-09-02</subfield>
    <subfield code="e">2</subfield>
    <subfield code="h">c.2</subfield>
    <subfield code="l">0</subfield>
    <subfield code="o">CHP 324.2172 2008 B27 2009</subfield>
    <subfield code="p">004518</subfield>
    <subfield code="r">2016-09-02 00:00:00</subfield>
    <subfield code="v">0.00</subfield>
    <subfield code="w">2016-09-02</subfield>
    <subfield code="y">BKS</subfield>
  </datafield>
  <datafield tag="952" ind1=" " ind2=" ">
    <subfield code="a">0001</subfield>
    <subfield code="b">0001</subfield>
    <subfield code="d">2016-09-02</subfield>
    <subfield code="e">2</subfield>
    <subfield code="l">0</subfield>
    <subfield code="o">CHP 324.2172 2008 B27 2009</subfield>
    <subfield code="p">004519</subfield>
    <subfield code="r">2016-09-02 00:00:00</subfield>
    <subfield code="v">0.00</subfield>
    <subfield code="w">2016-09-02</subfield>
    <subfield code="y">BKS</subfield>
  </datafield>
  <datafield tag="999" ind1=" " ind2=" ">
    <subfield code="c">8494</subfield>
    <subfield code="d">8494</subfield>
  </datafield>
</record>
